LDR 00953nam a2200265 i 4500 001 000000180909 003 CaOOAMICUS 005 20090731000000.0 008 090731n it u000 u ita u 013 $a158655 040 $aSeMil$bita 245 10$aVol. 1. 300 $a200 p. ;$c18 cm. 490 0 $aI classici cristiani 700 0 $aGregorius I,$c
.$0(OLS)http://semarc/name/465 773 0 $aGregorius I,
$tLettere.$dSiena : Cantagalli, [19--?]$kClassici cristiani$w()21807 830 2$aI classici cristiani.$0(OLS)http://semarc/title/386 850 $aSeMil 852 $aSeMil$W1$xVenegono$y1$m2S I 419$j131657$B131657$CSeMilBibl$Z2$F143528 $81 900 0 $aGregorio : Magno$c
. 900 0 $aGregorio I$c
. 961 $aOmaggio: Altro 996 $6245$aVol. 1$9(OLS)http://semarc/title/13429